| Tag |
First Indicator |
Second Indicator |
Subfields |
| LEADER |
00000ccm a2200000Ia 4500 |
| 001 |
in00002425019 |
| 005 |
20151109170103.0 |
| 008 |
920312s1956 au sga n ger d |
| 019 |
|
|
|a 28805203
|
| 028 |
2 |
2 |
|a U.E. 9536
|b Universal Edition
|
| 029 |
1 |
|
|a NZ1
|b 11760776
|
| 035 |
|
|
|a (OCoLC)ocm25465313
|
| 035 |
|
|
|a (OCoLC)25465313
|z (OCoLC)28805203
|
| 040 |
|
|
|a IBS
|c IBS
|d TXI
|d HMU
|d IXA
|d UtOrBLW
|
| 045 |
0 |
|
|b d1926
|
| 048 |
|
|
|a ca04
|a kf01
|a tb01
|a sa01
|a wc01
|a wg01
|
| 049 |
|
|
|a TXAM
|
| 090 |
|
|
|a M1530
|b .W42 op.19 1956
|
| 092 |
|
|
|a 784.2
|b W376Á
|
| 100 |
1 |
|
|a Webern, Anton,
|d 1883-1945.
|
| 240 |
1 |
0 |
|a Lieder,
|m mixed voices, celesta, clarinets (2), guitar, violin,
|n op. 19
|
| 245 |
1 |
0 |
|a Zwei Lieder fèur gemischten Chor mit Begleitung von Celesta, Gitarre, Geige, Klarinette und Bassklarinette, Op. 19 /
|c Anton Webern.
|
| 254 |
|
|
|a Partitur.
|
| 264 |
|
1 |
|a [Wien] :
|b Universal Edition,
|c [1956]
|
| 264 |
|
4 |
|c ©1956
|
| 300 |
|
|
|a 1 score (20 pages) ;
|c 28 cm.
|
| 336 |
|
|
|a notated music
|b ntm
|2 rdacontent
|
| 337 |
|
|
|a unmediated
|b n
|2 rdamedia
|
| 338 |
|
|
|a volume
|b nc
|2 rdacarrier
|
| 500 |
|
|
|a For soprano, alto, tenor and bass, solo quartet or chorus with instrumental ensemble.
|
| 500 |
|
|
|a German words also printed separately as text on page [4].
|
| 500 |
|
|
|a Text from Goethe's Chinesisch-deutsche Jahres- und Tageszeiten.
|
| 600 |
1 |
0 |
|a Goethe, Johann Wolfgang von,
|d 1749-1832
|v Musical settings.
|
| 650 |
|
0 |
|a Choruses, Secular (Mixed voices) with instrumental ensemble
|v Scores.
|
| 700 |
1 |
|
|a Goethe, Johann Wolfgang von,
|d 1749-1832,
|e lyricist.
|
| 948 |
|
|
|a cataloged
|b h
|c 2008/12/4
|d c
|e bhartsfi
|f 1:07:05 pm
|
| 994 |
|
|
|a C0
|b TXA
|
| 999 |
|
|
|a MARS
|
| 999 |
f |
f |
|s ee451ec5-4949-361e-a864-347920500142
|i 36657d58-f133-36fb-bc39-15b9424b6d2e
|t 0
|
| 952 |
f |
f |
|p normal
|a Texas A&M University
|b College Station
|c Sterling C. Evans Library
|d Evans: Library Stacks
|t 0
|e M1530 .W42 op.19 1956
|h Library of Congress classification
|i unmediated -- volume
|m A14837529919
|
| 998 |
f |
f |
|a M1530 .W42 op.19 1956
|t 0
|l Evans: Library Stacks
|